Los Hombrecitos de Jo

שמור ב:
מידע ביבליוגרפי
מחבר ראשי: Alcott, Louisa May (autora)
פורמט: ספר
שפה:ספרדית
יצא לאור: Buenos Aires Atlántida 1971
סדרה:Biblioteca billiken
נושאים:
תגים: הוספת תג
אין תגיות, היה/י הראשונ/ה לתייג את הרשומה!

MARC

LEADER 00000nam a2200000 a 4500
001 UCH6692
003 CL-VaPUC
008 091109e19710000AG |||||||||||||||||spa|d
082 0 4 |a 813  |b ALC  |2 21 
100 |a Alcott, Louisa May  |e autora  |9 605187 
245 1 4 |a Los Hombrecitos de Jo 
300 |a 313 p 
942 |c BK 
945 |d 20091109 00:00:00  |a lazolas 
260 |a Buenos Aires  |b Atlántida  |c 1971 
650 0 |a Literatura infantil   |9 307465 
650 0 |a Cuentos infantiles  |9 308044 
650 0 |a Formas y géneros literarios  |9 324031 
650 0 |a Cuentos estadounidenses  |9 265133 
583 |a last modification  |c 20091109 00:00:00  |k Rodrigo Vera 
490 0 |a Biblioteca billiken 
999 |c 337532  |d 337530